000 00702nam a2200217Ia 4500
003 GCL
005 20240530104042.0
008 140319s9999 xx 000 0 ara d
040 _aGCL /
_cGCL
082 0 4 _a748.2
_bم ت
100 1 _aمحمد زينهم محمد عزب
245 1 0 _aتكنولوجيا فن الزجاج /
_cمحمد زينهم محمد عزب
260 _aالقاهرة :
_bالهيئة المصرية العامة للكتاب ،
_c1995
300 _a251 ص؛
_b24 سم
490 _aالالف كتاب الثانى
_v0
650 0 4 _aالفن
650 0 4 _aالزخرفة
650 0 4 _aالزجاج
700 1 _aمصطفى عبدالرحيم محمد
942 _2ddc
_cBK
999 _c44293
_d44293